000 00461nam a2200181Ia 4500
003 GCL
008 140319s9999 xx 000 0 ara d
040 _aGCL /
_cGCL
082 0 4 _a813.01
_bع ب
100 1 _aعبدالفتاح رزق
245 1 0 _aباب 14 /
_cعبدالفتاح رزق
300 _a151 ص
490 _a
650 0 4 _aالادب العربى
650 0 4 _aالقصص القصيرة
650 0 4 _aالمجموعات
942 _2ddc
_cBK
999 _c39988
_d39988